000 00884nam a2200277 i 4500
003 DO-SdBNP
005 20240322093312.0
007 ta
008 240322b2023 dr ||||| |||| 00| 0 spa d
020 _a9789945633054
040 _aDO-SdBNP
_bspa
_cBNPHU
_erda
082 4 _222
100 1 _aLockward, Angel,
_911034
_eautor
245 1 4 _aLos bienes de dominio público /
_cÁngel Lockward
264 _aSanto Domingo :
_bFUNDESEP,
_c2023.
300 _a120 páginas ;
_c23 cm.
336 _2rdacontent
_atexto
_btxt
337 _2rdamedia
_asin mediación
_bn
338 _2rdacarrier
_avolumen
_bnc
500 _aIncluye referencias bibliográficas y notas al pie de las páginas
500 _aIncluye datos biográficos del autor en la solapa de la cubierta
504 _aBibliografía : p. 59-61
590 _aInventariado, 2024/BT
910 _aBtavárez
942 _2ddc
_cLBS1
999 _c56177
_d56177